000 00443nam a2200169Ia 4500
003 GCL
008 140319s9999 xx 000 0 eng d
040 _aGCL /
_cGCL
082 0 4 _aM
_bEGYPT
_b150000
100 1 _aE&F. SPON LTD
245 1 0 _aLOWER EGYPT AND THE FAYUM: PLATE 31 SCALE 1:500.00 /
_cE&F. SPON LTD
260 _a[S.N] :
_bE & FN SPON
650 0 4 _aMEDITERRANEAN SEA
650 0 4 _aEGYPT
650 0 4 _aPLATE 33
942 _2ddc
_cMP
999 _c25767
_d25767